000 00855nam a2200265Ia 4500
003 OSt
005 20221005040007.0
006 a|||||r|||| 00| 0
007 ta
008 221004b |||||||| |||| 00| 0 eng d
020 _a8173045283
_c500
024 _a83212
037 _b043, 30/03/2005, Knowledge World
_cTextual
040 _aCRL
_cCRL
_beng
041 _2eng
_aeng
082 _aV2:35.N5, P4
100 _aVaikuntham Yallampalli Ed.
_9588824
245 0 _aPeople's movements in the Princely States edited by Y. Vaikuntham
260 _aDelhi
_bManohar Publishers and Distributors India
_c2004
300 _a246p.
_ccm.
650 _a INDIA - HISTORY
650 _aIMMIGRATION AND EMIGRATION
942 _hV2:35.N5, P4
_cTEXL
_2cc
999 _c946172
_d946172